|
|
|
|
| LEADER |
01084nam a2200277 a 4500 |
| 001 |
000426169 |
| 003 |
CZ BrMZK |
| 005 |
20230522100528.0 |
| 008 |
990315s1998 gw f m ger d |
| 040 |
|
|
|a BOA001
|b cze
|
| 072 |
|
7 |
|a 364-1/-7
|x Druhy sociální pomoci a služeb
|2 Konspekt
|9 18
|
| 080 |
|
|
|a 364-78
|2 MRF
|
| 080 |
|
|
|a (043.3)
|2 MRF
|
| 080 |
|
|
|a (048.3)
|2 MRF
|
| 100 |
1 |
|
|a Kleve, Heiko,
|d 1969-
|7 jn20000603420
|4 aut
|
| 245 |
1 |
0 |
|a Postmoderne Sozialarbeit :
|b Ambivalenzreflexion als ein Konzept sozialarbeitswissenschaftlicher Heuristik
|h [mikrodokument] /
|c Heiko Kleve.
|
| 260 |
|
|
|a Berlin :
|b Freie Universität,
|c 1998
|
| 300 |
|
|
|a 3 mikrofiše (282 políček).
|
| 500 |
|
|
|a Disertace(Dr.)-Freie Universität, Berlin, 1998
|
| 541 |
|
|
|a Berlin, Freie Universität
|
| 650 |
0 |
7 |
|a sociální práce
|7 ph125805
|2 czenas
|
| 655 |
|
7 |
|a disertace
|7 fd132024
|2 czenas
|
| 655 |
|
7 |
|a teze
|7 fd133701
|2 czenas
|
| 910 |
|
|
|a BOA001
|b Mfš-1062.392
|
| 990 |
|
|
|a BK
|
| 996 |
6 |
|
|b 2610098236
|c Mfš-1062.392
|l Stud. periodik/2.patro
|r Sklad / do 1 hodiny
|n 1
|p vým
|w 000426169
|u 000010
|a 1
|e BOA001
|j MZK50
|s P
|